[Event "69th POL-ch (w)"]
[Site "Warszawa POL"]
[Date "2017.03.25"]
[Round "5"]
[White "Warakomska, Anna"]
[Black "Socko, Monika"]
[Result "1/2-1/2"]
[WhiteElo "2343"]
[BlackElo "2466"]
[EventDate "2017.03.21"]
[PlyCount "113"]

1.e4 c5 2.Nf3 Nc6 3.Bb5 g6 4.Bxc6 bxc6 5.O-O Bg7 6.Re1 Nh6 7.c3 O-O 8.h3 
f5 9.e5 e6 10.d3 Nf7 11.Na3 Ba6 12.Nc4 Bxc4 13.dxc4 g5 14.Be3 Qe7 15.b4 
cxb4 16.cxb4 Qxb4 17.Qxd7 f4 18.Bd4 Qxc4 19.Rec1 Qd5 20.Qxc6 Rfd8 21.Rab1 
h5 22.Rb7 Qxc6 23.Rxc6 Rab8 24.Rxb8 Rxb8 25.Rxe6 Rd8 26.Bb2 Rb8 27.Bc3 Rc8
28.Bd2 g4 29.hxg4 hxg4 30.Nh4 Bxe5 31.Rg6+ Kh7 32.Rxg4 Rc2 33.Bxf4 Rxa2 
34.Bxe5 Nxe5 35.Rd4 a5 36.g4 a4 37.g5 a3 38.Ra4 Nd3 39.g6+ Kh6 40.Ra7 Ra1+
41.Kg2 Nf4+ 42.Kf3 Nxg6 43.Ra6 Rg1 44.Nxg6 Rxg6 45.Rxa3 Rf6+ 46.Ke3 Re6+ 
47.Kd4 Kg5 48.Rf3 Kg6 49.Kd5 Re2 50.Rf8 Kg7 51.Rf4 Kg6 52.f3 Re3 53.Kd4 
Ra3 54.Ke4 Ra4+ 55.Ke3 Rxf4 56.Kxf4 Kf6 57.Ke4 1/2-1/2

[Event "69th POL-ch (w)"]
[Site "Warszawa POL"]
[Date "2017.03.25"]
[Round "5"]
[White "Zawadzka, Jolanta"]
[Black "Szczepkowska, Karina"]
[Result "0-1"]
[WhiteElo "2443"]
[BlackElo "2413"]
[EventDate "2017.03.21"]
[PlyCount "110"]

1.e4 c5 2.Nf3 d6 3.Bb5+ Bd7 4.Bxd7+ Qxd7 5.O-O Nf6 6.Qe2 Nc6 7.Rd1 e6 8.d4
cxd4 9.Nxd4 Be7 10.c4 O-O 11.Nc3 Nxd4 12.Rxd4 Qc6 13.b3 a6 14.Ba3 Rfd8 15.
Rc1 Rac8 16.h3 Ne8 17.Qe3 h6 18.Rd3 Bf6 19.Bb2 Qc7 20.Rcd1 Qa5 21.a4 Qc5 
22.Qe2 Qb6 23.Qc2 Be5 24.Ba3 Nf6 25.Kh1 Qc6 26.Re1 Nd7 27.Qd2 Nf6 28.Bb2 
Nh5 29.Nd1 Nf4 30.Rf3 Ng6 31.Rd3 Nf4 32.Rf3 Ng6 33.Bxe5 dxe5 34.Rd3 Rxd3 
35.Qxd3 Nf4 36.Qc3 Qc5 37.Ne3 Rd8 38.b4 Qc6 39.Ng4 f6 40.b5 axb5 41.axb5 
Qc5 42.Qa5 b6 43.Qa2 Kh7 44.Qa7 h5 45.Nxf6+ Kg6 46.Nd7 Qxf2 47.Rg1 Qd4 48.
Nxb6 Qxe4 49.Kh2 Rd2 50.Qa8 Qe3 51.Kh1 Qxb6 52.g3 Kh7 53.gxf4 Qe3 54.Rg2 
Rd1+ 55.Kh2 Qxf4+ 0-1

[Event "69th POL-ch (w)"]
[Site "Warszawa POL"]
[Date "2017.03.26"]
[Round "6"]
[White "Szczepkowska, Karina"]
[Black "Sliwicka, Alicja"]
[Result "1-0"]
[WhiteElo "2413"]
[BlackElo "2244"]
[EventDate "2017.03.21"]
[PlyCount "81"]

1.d4 Nf6 2.c4 g6 3.Nc3 d5 4.Bf4 Bg7 5.e3 O-O 6.Rc1 c5 7.dxc5 Qa5 8.cxd5 
Rd8 9.Bc4 e6 10.Qa4 Qxa4 11.Nxa4 Nxd5 12.Bd6 Bd7 13.Bxd5 exd5 14.Nc3 d4 
15.exd4 Bc6 16.Nge2 Bxg2 17.Rg1 Bh3 18.d5 Na6 19.a3 Rac8 20.b4 b6 21.Rg3 
Bf5 22.Be7 Re8 23.d6 bxc5 24.b5 Nb8 25.Nd5 Bd7 26.a4 f5 27.Re3 Kf7 28.Nc7 
Rg8 29.Rxc5 h6 30.Kd2 f4 31.Re4 g5 32.h4 Bf8 33.h5 Bh3 34.Nd4 Nd7 35.Rc3 
Bg2 36.f3 Bg7 37.Bxg5 Bf6 38.Bxf6 Kxf6 39.Rxf4+ Ke5 40.Rf5+ Kxd6 41.Rc6+ 
1-0

[Event "69th POL-ch (w)"]
[Site "Warszawa POL"]
[Date "2017.03.26"]
[Round "6"]
[White "Kantane, Anna"]
[Black "Kiolbasa, Oliwia"]
[Result "1-0"]
[WhiteElo "2230"]
[BlackElo "2204"]
[EventDate "2017.03.21"]
[PlyCount "173"]

1.e4 e5 2.Nf3 Nc6 3.Bb5 a6 4.Ba4 d6 5.O-O Bd7 6.d4 Nf6 7.c4 g6 8.d5 Ne7 9.
Nc3 Bg7 10.Bxd7+ Nxd7 11.Be3 O-O 12.b4 h6 13.Nd2 c5 14.bxc5 Nxc5 15.Bxc5 
dxc5 16.Nb3 b6 17.a4 a5 18.Nb5 Nc8 19.d6 Na7 20.Qd5 Qd7 21.Nxa7 Rxa7 22.
Rfd1 Re8 23.Nxc5 bxc5 24.Qxc5 Rc8 25.Qd5 Ra6 26.c5 Rac6 27.Rac1 h5 28.h3 
Bh6 29.Rc4 Bf8 30.Rc2 Rxd6 31.cxd6 Rxc2 32.Qxe5 Rc4 33.Qd5 Rxa4 34.e5 Rb4 
35.Qxa5 Rb5 36.Qc3 Bg7 37.Qc7 Rb7 38.Qxb7 Qxb7 39.d7 Bxe5 40.d8=Q+ Kg7 41.
Qd5 Qb2 42.g3 Bf6 43.Qe4 Qe5 44.Qf3 Qe6 45.Kg2 Be7 46.Rd4 Bf6 47.Ra4 Be7 
48.Qe4 Qxe4+ 49.Rxe4 Bd6 50.Ra4 Be5 51.f4 Bc3 52.Ra7 Bd4 53.Rb7 Be3 54.Kf3
Bd2 55.Rd7 Bc1 56.Ke4 Kf6 57.Rd6+ Kg7 58.f5 Bb2 59.Rb6 Bc3 60.Rc6 Bb2 61.
Kf4 Bd4 62.Rc4 Bf6 63.Rc7 Bd4 64.fxg6 Kxg6 65.Rd7 Bc3 66.g4 h4 67.Rd6+ f6 
68.Rc6 Be5+ 69.Ke4 Bg3 70.Rc8 Be1 71.Rc5 Bg3 72.Rf5 Be1 73.Kd5 Bc3 74.Ke6 
Bd4 75.Rd5 Bc3 76.Rb5 Bd4 77.Rh5 Bf2 78.Rd5 Be1 79.Rd8 Kg5 80.Rg8+ Kf4 81.
Kxf6 Kg3 82.g5 Bc3+ 83.Kf5 Kxh3 84.Rd8 Kg2 85.Rd3 Bb4 86.g6 Bf8 87.Kg4 1-0

[Event "69th POL-ch (w)"]
[Site "Warszawa POL"]
[Date "2017.03.26"]
[Round "6"]
[White "Majdan, Joanna"]
[Black "Warakomska, Anna"]
[Result "1/2-1/2"]
[WhiteElo "2363"]
[BlackElo "2343"]
[EventDate "2017.03.21"]
[PlyCount "87"]

1.e4 e5 2.Nf3 Nc6 3.Bb5 a6 4.Ba4 Nf6 5.O-O Be7 6.Re1 b5 7.Bb3 d6 8.c3 O-O 
9.d4 Bg4 10.d5 Na5 11.Bc2 c6 12.h3 Bc8 13.dxc6 Qc7 14.Nbd2 Qxc6 15.Nf1 h6 
16.Ng3 Re8 17.Nh4 Bb7 18.Nhf5 Bf8 19.Qf3 Re6 20.b3 d5 21.exd5 Qxd5 22.Qxd5
Bxd5 23.Bd2 Nb7 24.Rad1 Ree8 25.Bc1 Rac8 26.Bb2 Nc5 27.Nh5 Ncd7 28.Ne3 Bc6
29.Nxf6+ Nxf6 30.Nf5 Bd5 31.Re2 g6 32.Ne3 Bb7 33.c4 Bc5 34.Nf1 Nh5 35.Rxe5
Nf4 36.Ne3 Rxe5 37.Bxe5 Bxe3 38.fxe3 Nxg2 39.Kf2 bxc4 40.bxc4 Nh4 41.Bf6 
Nf5 42.Rd7 Bc6 43.Ra7 Nd6 44.c5 1/2-1/2

[Event "69th POL-ch (w)"]
[Site "Warszawa POL"]
[Date "2017.03.26"]
[Round "6"]
[White "Rajlich, Iweta"]
[Black "Zawadzka, Jolanta"]
[Result "1-0"]
[WhiteElo "2389"]
[BlackElo "2443"]
[EventDate "2017.03.21"]
[PlyCount "89"]

1.Nf3 d5 2.e3 Nf6 3.b3 Bg4 4.Bb2 Nbd7 5.Be2 c6 6.d3 Qc7 7.c4 e5 8.cxd5 
Bb4+ 9.Nbd2 Nxd5 10.a3 Bc3 11.Qc2 Bxb2 12.Qxb2 O-O 13.O-O Rfe8 14.h3 Bh5 
15.Ne4 Rad8 16.Rac1 N7f6 17.Nxf6+ Nxf6 18.Rfd1 Rd5 19.b4 Qe7 20.d4 exd4 
21.Rxd4 Red8 22.Rxd5 Rxd5 23.b5 c5 24.b6 axb6 25.Qxb6 h6 26.g4 Bg6 27.Bc4 
Rd7 28.Qb2 Ne4 29.Kg2 Kh7 30.Qe5 f6 31.Qxe7 Rxe7 32.Nh4 f5 33.Bd3 c4 34.
Nxg6 Kxg6 35.Rxc4 Nd6 36.Rd4 Re6 37.gxf5+ Nxf5 38.Rf4 Re5 39.Rxf5 Rxf5 40.
f4 Kf6 41.Bxf5 Kxf5 42.Kf3 g6 43.e4+ Ke6 44.Kg4 Kf6 45.h4 1-0

[Event "69th POL-ch (w)"]
[Site "Warszawa POL"]
[Date "2017.03.26"]
[Round "6"]
[White "Socko, Monika"]
[Black "Kulon, Klaudia"]
[Result "0-1"]
[WhiteElo "2466"]
[BlackElo "2371"]
[EventDate "2017.03.21"]
[PlyCount "100"]

1.d4 Nf6 2.c4 g6 3.Nc3 Bg7 4.e4 O-O 5.Bd3 Nc6 6.Nge2 e5 7.d5 Nd4 8.O-O c5 
9.f3 d6 10.a3 Ne8 11.Nxd4 exd4 12.Ne2 a6 13.Bd2 Bd7 14.Qc2 b5 15.b3 Rb8 
16.Rab1 Qc8 17.Ng3 h5 18.Bg5 f6 19.Bd2 f5 20.exf5 h4 21.Ne2 Bxf5 22.Nf4 
Bxd3 23.Qxd3 Qf5 24.Qxf5 gxf5 25.Ng6 Rf7 26.Nxh4 Bf8 27.g4 Ng7 28.Bh6 Be7 
29.Ng2 Kh7 30.Bxg7 Kxg7 31.h4 fxg4 32.fxg4 Rxf1+ 33.Rxf1 bxc4 34.bxc4 Bf6 
35.g5 Be5 36.h5 Rb3 37.g6 Kh6 38.Rf5 d3 39.Rf1 Kxh5 40.Rd1 Kxg6 41.Kf2 
Rxa3 42.Ke3 Kg5 43.Ke4 Rc3 44.Ne3 d2 45.Rg1+ Kh4 46.Rh1+ Kg5 47.Rg1+ Kh5 
48.Rd1 Bf6 49.Nf5 Bg5 50.Rh1+ Kg6 0-1

[Event "69th POL-ch (w)"]
[Site "Warszawa POL"]
[Date "2017.03.27"]
[Round "7"]
[White "Kiolbasa, Oliwia"]
[Black "Socko, Monika"]
[Result "1/2-1/2"]
[WhiteElo "2204"]
[BlackElo "2466"]
[EventDate "2017.03.21"]
[PlyCount "83"]

1.e4 e6 2.d4 d5 3.Nc3 Nf6 4.e5 Nfd7 5.f4 c5 6.Nf3 Nc6 7.Be3 a6 8.Qd2 b5 9.
dxc5 Bxc5 10.Bd3 Qb6 11.Bf2 f5 12.exf6 Bxf2+ 13.Qxf2 Qxf2+ 14.Kxf2 gxf6 
15.Rhe1 Kf7 16.f5 Nc5 17.fxe6+ Bxe6 18.Rad1 Rad8 19.Bf1 b4 20.Ne2 Ne4+ 21.
Kg1 Bg4 22.Ned4 Nxd4 23.Rxd4 a5 24.Nd2 Nxd2 25.Rxd2 Bf5 26.Bd3 Be4 27.Bxe4
dxe4 28.Rxd8 Rxd8 29.Rxe4 Rd1+ 30.Kf2 Ra1 31.b3 Rxa2 32.Re2 a4 33.bxa4 
Rxa4 34.Re4 Ra2 35.Rxb4 Rxc2+ 36.Kf3 Rc3+ 37.Kf4 Kg6 38.Ra4 h5 39.Rb4 Rc2 
40.Kg3 Kg5 41.Rb5+ Kg6 42.Rb4 1/2-1/2

[Event "69th POL-ch (w)"]
[Site "Warszawa POL"]
[Date "2017.03.27"]
[Round "7"]
[White "Kulon, Klaudia"]
[Black "Majdan, Joanna"]
[Result "1-0"]
[WhiteElo "2371"]
[BlackElo "2363"]
[EventDate "2017.03.21"]
[PlyCount "107"]

1.e4 c5 2.Nc3 Nc6 3.g3 g6 4.Bg2 Bg7 5.d3 Rb8 6.Be3 b5 7.Qd2 b4 8.Nd1 d6 9.
f4 Bd7 10.Ne2 Nd4 11.h3 a5 12.O-O a4 13.Rb1 Qc8 14.Kh2 h5 15.c3 bxc3 16.
Ndxc3 Bc6 17.Bxd4 cxd4 18.Nd5 Qb7 19.a3 Bxd5 20.exd5 Nf6 21.f5 g5 22.Kh1 
g4 23.h4 Nd7 24.f6 Bxf6 25.Rxf6 Nxf6 26.Nxd4 Qb6 27.Nf5 Kd7 28.Qf4 Rhe8 
29.Qxa4+ Qb5 30.Qd4 Qc5 31.Qf4 Nxd5 32.Qa4+ Kd8 33.Re1 Nb6 34.Qf4 Nd5 35.
Qd2 Nc7 36.Ng7 Rg8 37.d4 Qb5 38.a4 Qb3 39.Nxh5 Qxb2 40.Qe3 e6 41.Qf4 Qb4 
42.Rc1 Qa3 43.Rc6 Rb1+ 44.Kh2 Ne8 45.Qxf7 Qe3 46.Rxd6+ Nxd6 47.Qxg8+ Ne8 
48.Qxg4 Qg1+ 49.Kh3 Rb2 50.Qe4 Nd6 51.Qa8+ Ke7 52.Qa7+ Kd8 53.Nf4 Qe1 54.
Nd3 1-0

[Event "69th POL-ch (w)"]
[Site "Warszawa POL"]
[Date "2017.03.27"]
[Round "7"]
[White "Sliwicka, Alicja"]
[Black "Rajlich, Iweta"]
[Result "0-1"]
[WhiteElo "2244"]
[BlackElo "2389"]
[EventDate "2017.03.21"]
[PlyCount "94"]

1.e4 c5 2.Nf3 g6 3.d4 Bg7 4.d5 d6 5.c4 e6 6.Bd3 exd5 7.cxd5 a6 8.a4 Bg4 9.
Nbd2 Nd7 10.Qc2 Ngf6 11.O-O Bxf3 12.Nxf3 O-O 13.a5 Re8 14.Ra4 b5 15.axb6 
Nxb6 16.Rxa6 Rxa6 17.Bxa6 Rxe4 18.Bg5 Ra4 19.Bb5 Rb4 20.Bc6 Qe7 21.Re1 Re4
22.Rxe4 Qxe4 23.Qxe4 Nxe4 24.Bd8 Nc4 25.b3 Nb2 26.Ba5 Nd3 27.Be1 Bc3 28.
Bxc3 Nxc3 29.Nd2 Kf8 30.Nc4 Ke7 31.Nb6 Kd8 32.Na4 Ne2+ 33.Kf1 Nd4 34.Nc3 
Nxc6 35.dxc6 Kc7 36.Na2 Kxc6 37.Ke2 Nf4+ 38.Kf3 Ne6 39.b4 c4 40.g4 d5 41.
Ke3 g5 42.f3 h6 43.Ke2 d4 44.Kd2 Kb5 45.Kc2 Nf4 46.Kb2 Nd3+ 47.Ka3 Ne1 0-1

[Event "69th POL-ch (w)"]
[Site "Warszawa POL"]
[Date "2017.03.27"]
[Round "7"]
[White "Warakomska, Anna"]
[Black "Szczepkowska, Karina"]
[Result "0-1"]
[WhiteElo "2343"]
[BlackElo "2413"]
[EventDate "2017.03.21"]
[PlyCount "150"]

1.e4 e5 2.Nf3 Nc6 3.Bb5 Nf6 4.d3 d6 5.O-O g6 6.d4 Bd7 7.dxe5 Nxe5 8.Bxd7+ 
Qxd7 9.Nxe5 dxe5 10.Qf3 Bg7 11.Nc3 O-O 12.Bg5 Qe6 13.Rad1 c6 14.Rd3 Nd7 
15.Be3 Nb6 16.Rfd1 Nc4 17.Bc1 Rfe8 18.b3 Nb6 19.Rd6 Qe7 20.a4 Rad8 21.Ba3 
Rxd6 22.Bxd6 Qe6 23.Bc5 Nc8 24.a5 b6 25.Be3 Qe7 26.Na4 Qc7 27.axb6 axb6 
28.h4 Rd8 29.h5 Bf8 30.Ra1 Rd6 31.Nb2 Rd8 32.Nd3 Re8 33.Qh3 Nd6 34.f3 Nb5 
35.hxg6 hxg6 36.Qg3 c5 37.c4 Qd6 38.Nc1 Qd1+ 39.Kh2 Nd4 40.Ra6 Nc2 41.Bg5 
Qd6 42.Qf2 Nd4 43.Ne2 Be7 44.Be3 Kg7 45.Nc3 Rh8+ 46.Kg1 Bh4 47.g3 Bd8 48.
Bxd4 cxd4 49.Nd5 Qd7 50.Qg2 Bg5 51.Ra1 Be3+ 52.Kf1 b5 53.c5 b4 54.Ra5 Qd8 
55.Ra4 Rh5 56.Ke2 Qh8 57.Kd3 Rh2 58.Qf1 Rd2+ 59.Kc4 Rc2+ 60.Kxb4 Qb8+ 61.
Nb6 d3 62.Ka3 Bxc5+ 63.b4 Bxb6 64.Qxd3 Qc7 65.Kb3 Rc1 66.b5 Bd4 67.Rc4 
Rxc4 68.Qxc4 Qb6 69.Qd5 Qa5 70.Qc6 Qd2 71.Kc4 Qe2+ 72.Kd5 Qxf3 73.Kd6 Qxg3
74.b6 Qb3 75.b7 Qe6+ 0-1

[Event "69th POL-ch (w)"]
[Site "Warszawa POL"]
[Date "2017.03.27"]
[Round "7"]
[White "Zawadzka, Jolanta"]
[Black "Kantane, Anna"]
[Result "0-1"]
[WhiteElo "2443"]
[BlackElo "2230"]
[EventDate "2017.03.21"]
[PlyCount "64"]

1.e4 c5 2.Nf3 e6 3.d4 cxd4 4.Nxd4 Nc6 5.Nb5 d6 6.Bf4 e5 7.Be3 Nf6 8.Bg5 
Be6 9.Bxf6 gxf6 10.Bd3 Rg8 11.O-O Qb6 12.Nd2 d5 13.Qf3 O-O-O 14.exd5 Bxd5 
15.Qf5+ Kb8 16.g3 Rg5 17.Qxh7 Bg7 18.Be2 Rg6 19.c4 Be6 20.c5 Qxc5 21.Ne4 
Qb4 22.Qh4 Rh8 23.a3 Qa5 24.b4 Qb6 25.Bh5 Bg4 26.Bxg6 Rxh4 27.gxh4 fxg6 
28.Nbd6 Nd4 29.h3 Bxh3 30.Rfd1 f5 31.Nc4 Qa6 32.b5 Qe6 0-1

[Event "69th POL-ch (w)"]
[Site "Warszawa POL"]
[Date "2017.03.28"]
[Round "8"]
[White "Szczepkowska, Karina"]
[Black "Kulon, Klaudia"]
[Result "1/2-1/2"]
[WhiteElo "2413"]
[BlackElo "2371"]
[EventDate "2017.03.21"]
[PlyCount "65"]

1.c4 c5 2.Nf3 Nf6 3.g3 Nc6 4.Bg2 d5 5.cxd5 Nxd5 6.Nc3 Nc7 7.O-O e5 8.d3 
Be7 9.Nd2 O-O 10.Nc4 f6 11.f4 exf4 12.Bxf4 Ne6 13.Bd2 Bd7 14.Rc1 Rb8 15.a4
Nb4 16.Nd5 Nxd5 17.Bxd5 Kh8 18.e4 Nc7 19.Bf4 b6 20.Rf2 Rc8 21.Bb7 Rb8 22.
Bd5 Rc8 23.b3 f5 24.Qf3 Bg5 25.Bxg5 Qxg5 26.Qf4 Qxf4 27.Rxf4 fxe4 28.Rxf8+
Rxf8 29.dxe4 Be6 30.Rd1 Bg4 31.Re1 Be6 32.Rd1 Bg4 33.Re1 1/2-1/2

[Event "69th POL-ch (w)"]
[Site "Warszawa POL"]
[Date "2017.03.28"]
[Round "8"]
[White "Kantane, Anna"]
[Black "Socko, Monika"]
[Result "0-1"]
[WhiteElo "2230"]
[BlackElo "2466"]
[EventDate "2017.03.21"]
[PlyCount "86"]

1.e4 c5 2.Nf3 Nc6 3.d4 cxd4 4.Nxd4 g6 5.Nc3 Bg7 6.Be3 Nf6 7.Bc4 d6 8.h3 
Bd7 9.O-O O-O 10.Bb3 Nxd4 11.Bxd4 Bc6 12.f4 Nd7 13.Bxg7 Kxg7 14.Qd4+ f6 
15.Rfe1 Qa5 16.Rad1 Rad8 17.Be6 Nc5 18.f5 Nxe6 19.fxe6 Rc8 20.Rd2 b6 21.a3
Rc7 22.Ree2 Rfc8 23.Nd5 Bxd5 24.exd5 Rc4 25.Qe3 Qa6 26.Rf2 Qb7 27.c3 Qc7 
28.Rd3 Qc5 29.Qd2 Re4 30.Kh2 Qc4 31.Re2 Rxe2 32.Qxe2 Qf4+ 33.g3 Qf5 34.Rd4
Rc5 35.Qd2 h5 36.Kg2 a5 37.a4 b5 38.axb5 Rxb5 39.c4 Rb3 40.Rf4 Qe5 41.Qc1 
Rxb2+ 42.Rf2 Qe4+ 43.Kg1 Rb1 0-1

[Event "69th POL-ch (w)"]
[Site "Warszawa POL"]
[Date "2017.03.28"]
[Round "8"]
[White "Majdan, Joanna"]
[Black "Kiolbasa, Oliwia"]
[Result "1-0"]
[WhiteElo "2363"]
[BlackElo "2204"]
[EventDate "2017.03.21"]
[PlyCount "79"]

1.Nf3 c5 2.e4 Nc6 3.Bb5 g6 4.Bxc6 bxc6 5.Nc3 Bg7 6.O-O e5 7.d3 Ne7 8.Na4 
Qa5 9.c4 d6 10.a3 O-O 11.Bd2 Qc7 12.b4 cxb4 13.axb4 f5 14.c5 d5 15.Nb6 Rb8
16.Nxc8 Rfxc8 17.Ra3 h6 18.Re1 d4 19.Qb3+ Kh7 20.exf5 Nd5 21.fxg6+ Kxg6 
22.Qa2 Rb7 23.Ra6 Kh7 24.Ra1 Ra8 25.Qa4 Ne7 26.Qd1 Rf8 27.Qe2 Kh8 28.Qe4 
Nd5 29.Qg6 Ne7 30.Qe6 Kh7 31.Re1 Rf5 32.Re4 Qb8 33.Rh4 Qf8 34.Ng5+ Kh8 35.
Ne4 Kh7 36.h3 Rc7 37.b5 cxb5 38.Bxh6 Bxh6 39.Rxh6+ Kg7 40.Rh4 1-0

[Event "69th POL-ch (w)"]
[Site "Warszawa POL"]
[Date "2017.03.28"]
[Round "8"]
[White "Rajlich, Iweta"]
[Black "Warakomska, Anna"]
[Result "1-0"]
[WhiteElo "2389"]
[BlackElo "2343"]
[EventDate "2017.03.21"]
[PlyCount "93"]

1.Nf3 d5 2.b3 Nf6 3.Bb2 Bf5 4.e3 h6 5.Be2 e6 6.c4 c6 7.d3 Nbd7 8.O-O Be7 
9.Nbd2 O-O 10.a3 a5 11.cxd5 exd5 12.Nd4 Bh7 13.Re1 Re8 14.Nf1 Bf8 15.Ng3 
c5 16.Nb5 a4 17.bxa4 Re6 18.Bc3 Nb8 19.Bxf6 Rxf6 20.Bf3 Nc6 21.d4 c4 22.
Nc3 Rd6 23.Nge2 g5 24.Nb5 Rd7 25.Nec3 Na5 26.g4 Nb3 27.Ra2 Ra6 28.Bg2 Bg7 
29.Rb2 Re6 30.Rxb3 cxb3 31.Qxb3 Be4 32.Nxe4 dxe4 33.Rb1 h5 34.Nc3 Qe7 35.
h3 hxg4 36.hxg4 Bf8 37.Qb5 Bg7 38.a5 Kh8 39.a4 Kg8 40.Qf5 Qd8 41.Nxe4 Rh6 
42.Ng3 Bxd4 43.exd4 Rxd4 44.Be4 Rxa4 45.Rxb7 Qf6 46.Qxf6 Rxf6 47.Rb8+ 1-0

[Event "69th POL-ch (w)"]
[Site "Warszawa POL"]
[Date "2017.03.28"]
[Round "8"]
[White "Zawadzka, Jolanta"]
[Black "Sliwicka, Alicja"]
[Result "1-0"]
[WhiteElo "2443"]
[BlackElo "2244"]
[EventDate "2017.03.21"]
[PlyCount "107"]

1.e4 c5 2.Nf3 e6 3.d4 cxd4 4.Nxd4 a6 5.Bd3 Nf6 6.Qe2 d6 7.Be3 Qc7 8.Nd2 
Nc6 9.O-O-O b5 10.Kb1 Bb7 11.f4 Rc8 12.Nxc6 Bxc6 13.g4 d5 14.e5 Ne4 15.Bd4
Nc5 16.f5 Bd7 17.h4 Nxd3 18.Qxd3 b4 19.Rc1 Bb5 20.Qe3 a5 21.c3 Qb8 22.cxb4
Rxc1+ 23.Rxc1 Bxb4 24.Nf3 h6 25.f6 g6 26.a3 Bf8 27.Nd2 a4 28.Ka1 Bd7 29.
Qc3 Qb7 30.Qa5 Bc6 31.Nb1 Kd7 32.Nc3 Qb3 33.Qa7+ Qb7 34.Qxb7+ Bxb7 35.Nxa4
Bc6 36.Nb6+ Kc7 37.b4 Kb7 38.Kb2 Bb5 39.Kb3 Be2 40.Rg1 Ka6 41.a4 Kb7 42.a5
g5 43.h5 Ka6 44.Na4 Bc4+ 45.Ka3 Be2 46.Nc3 Bd3 47.Rd1 Bb5 48.Rc1 Rg8 49.
Kb3 Bd7 50.Na4 Kb7 51.Bb6 Kb8 52.Rc7 Bb5 53.Rxf7 Be2 54.Ba7+ 1-0

[Event "69th POL-ch (w)"]
[Site "Warszawa POL"]
[Date "2017.03.29"]
[Round "9"]
[White "Kiolbasa, Oliwia"]
[Black "Szczepkowska, Karina"]
[Result "1/2-1/2"]
[WhiteElo "2204"]
[BlackElo "2413"]
[EventDate "2017.03.21"]
[PlyCount "60"]

1.e4 d6 2.d4 g6 3.Nc3 Bg7 4.f4 a6 5.Nf3 b5 6.Bd3 Bb7 7.O-O b4 8.Nb1 Nd7 9.
Nbd2 e6 10.Qe1 Ne7 11.Nc4 Bxe4 12.Bxe4 d5 13.Bd3 dxc4 14.Bxc4 Nb6 15.Bd3 
Bxd4+ 16.Nxd4 Qxd4+ 17.Be3 Qd6 18.Rd1 Nbd5 19.Bd4 O-O 20.Qf2 Rab8 21.c4 
bxc3 22.bxc3 Qc6 23.c4 Nb4 24.Qh4 f6 25.Bxf6 Nxd3 26.Bxe7 Rb2 27.Qg3 Qb6+ 
28.Kh1 Nf2+ 29.Rxf2 Qxf2 30.Bxf8 Qxg3 1/2-1/2

[Event "69th POL-ch (w)"]
[Site "Warszawa POL"]
[Date "2017.03.29"]
[Round "9"]
[White "Kulon, Klaudia"]
[Black "Rajlich, Iweta"]
[Result "1-0"]
[WhiteElo "2371"]
[BlackElo "2389"]
[EventDate "2017.03.21"]
[PlyCount "73"]

1.c4 g6 2.g3 Nf6 3.Bg2 d5 4.cxd5 Nxd5 5.Nc3 Nxc3 6.bxc3 Nd7 7.Rb1 Bg7 8.
Nh3 Nb6 9.O-O Bf5 10.d3 Bxc3 11.Ng5 O-O 12.Bxb7 Rb8 13.Bg2 Bg7 14.Be3 Qd7 
15.Qc2 Rfc8 16.Bc5 c6 17.a4 h6 18.Nf3 Bg4 19.d4 Be6 20.e4 Nc4 21.Rfd1 Rxb1
22.Rxb1 Qc7 23.Bf1 Na5 24.Qc3 Nb7 25.Bxa7 Ra8 26.Bb6 Qc8 27.a5 c5 28.a6 
Nd6 29.Qxc5 Nxe4 30.Qxc8+ Bxc8 31.a7 Nc3 32.Rb3 Na4 33.Bc5 Nxc5 34.Rb8 
Rxa7 35.Rxc8+ Bf8 36.dxc5 Kg7 37.c6 1-0

[Event "69th POL-ch (w)"]
[Site "Warszawa POL"]
[Date "2017.03.29"]
[Round "9"]
[White "Sliwicka, Alicja"]
[Black "Kantane, Anna"]
[Result "0-1"]
[WhiteElo "2244"]
[BlackElo "2230"]
[EventDate "2017.03.21"]
[PlyCount "90"]

1.e4 e5 2.Nf3 Nc6 3.Bb5 a6 4.Ba4 Nf6 5.O-O Be7 6.Re1 b5 7.Bb3 O-O 8.d4 d6 
9.c3 Bg4 10.Be3 Bh5 11.h3 exd4 12.cxd4 Na5 13.Bc2 c5 14.g4 Bg6 15.Nbd2 Nd7
16.Rc1 Re8 17.b3 Bf6 18.Bf4 cxd4 19.Bxd6 Nc6 20.Bg3 Rc8 21.Bb1 h6 22.Qe2 
Nb6 23.Qf1 Be7 24.Qg2 Bh7 25.Nh2 Bb4 26.f4 Kh8 27.Nhf3 d3 28.Bf2 Ba3 29.
Rcd1 Nb4 30.Ne5 Rxe5 31.fxe5 Nc2 32.Rf1 Nd7 33.Qg3 Nc5 34.Kh2 Nxe4 35.Nxe4
Bxe4 36.Bg1 Qd5 37.Bxc2 Rxc2+ 38.Rf2 Bb2 39.Rxc2 Bxe5 40.Rc8+ Kh7 41.Bf2 
Bxg3+ 42.Bxg3 Qd4 43.Rd2 Qe3 44.Rf2 d2 45.Rd8 Qe1 0-1

[Event "69th POL-ch (w)"]
[Site "Warszawa POL"]
[Date "2017.03.29"]
[Round "9"]
[White "Socko, Monika"]
[Black "Majdan, Joanna"]
[Result "1-0"]
[WhiteElo "2466"]
[BlackElo "2363"]
[EventDate "2017.03.21"]
[PlyCount "63"]

1.d4 Nf6 2.c4 c5 3.Nf3 g6 4.Nc3 Bg7 5.g3 b6 6.Bg2 Bb7 7.d5 d6 8.O-O O-O 9.
e4 Nbd7 10.h3 Ne8 11.Be3 Nc7 12.Qe2 e6 13.dxe6 Nxe6 14.Rad1 Qb8 15.Qd2 Nf6
16.Ne1 Rd8 17.Nc2 Bc6 18.f4 Qb7 19.Nd5 Nf8 20.f5 Bxd5 21.exd5 b5 22.g4 
N6d7 23.Bg5 Bxb2 24.Rb1 Be5 25.Bxd8 Rxd8 26.Rxb5 Nb6 27.f6 Nfd7 28.g5 a6 
29.Rb3 Nxc4 30.Qe1 Ndb6 31.Qh4 h5 32.Qxc4 1-0

[Event "69th POL-ch (w)"]
[Site "Warszawa POL"]
[Date "2017.03.29"]
[Round "9"]
[White "Warakomska, Anna"]
[Black "Zawadzka, Jolanta"]
[Result "0-1"]
[WhiteElo "2343"]
[BlackElo "2443"]
[EventDate "2017.03.21"]
[PlyCount "56"]

1.e4 c5 2.Nf3 Nc6 3.Bb5 d6 4.O-O Bd7 5.Re1 Nf6 6.c3 a6 7.Bc4 Bg4 8.d4 Bxf3
9.gxf3 e6 10.d5 Ne5 11.Bf1 g5 12.dxe6 fxe6 13.f4 gxf4 14.Bxf4 Qe7 15.Nd2 
Rg8+ 16.Bg3 h5 17.h4 Bh6 18.Nc4 O-O-O 19.Kh1 Nfg4 20.Qe2 Nxc4 21.Qxc4 Rdf8
22.Bh3 Rf3 23.Re2 Kb8 24.Rg1 Bf4 25.Bxg4 Rxg4 26.Kg2 Bxg3 27.Kxf3 Qf6+ 28.
Ke3 Bf4+ 0-1